Countries Containing Letter B - Statistics

General Stats
  • This quiz has been taken 127 times
  • The average score is 40 of 46
Answer Stats
Answer the country! % Correct
Belgium
96%
Brazil
96%
Bahamas
95%
Barbados
95%
Bosnia andHerzegovina
95%
Serbia
95%
Belarus
93%
Albania
91%
Belize
91%
Benin
91%
Bolivia
91%
Bulgaria
91%
Libya
91%
Zambia
91%
Zimbabwe
91%
Brunei
89%
Colombia
89%
Gambia
89%
Bhutan
87%
Botswana
87%
Burundi
87%
Uzbekistan
87%
Azerbaijan
85%
Bahrain
85%
Djibouti
85%
Liberia
85%
United Arab Emirates
85%
Antigua and Barbuda
84%
Cambodia
84%
Democratic Republicof the Congo
84%
Dominican Republic
84%
Lebanon
84%
Republic of the Congo
84%
Saudi Arabia
84%
Bangladesh
82%
Cuba
82%
Mozambique
82%
Namibia
82%
Gabon
80%
Guinea-Bissau
80%
Kiribati
80%
Central AfricanRepublic
78%
Luxembourg
78%
Burkina Faso
76%
Trinidad and Tobago
76%
Czech Republic
67%
No matching quizzes found
Score Distribution
Percent of People with Each Score
Percentile by Number Answered
Your Score History
You have not taken this quiz